[Event "CAN-ch U08"]
[Site "Windsor"]
[Date "2016.07.07"]
[Round "5.127"]
[White "Ho, Emmett"]
[Black "Zheng, Leon"]
[Result "0-1"]
[WhiteElo "664"]
[BlackElo "604"]
[PlyCount "54"]
[EventDate "2016.07.05"]
[EventType "swiss"]
[EventRounds "7"]
[EventCountry "CAN"]
[SourceTitle "EXT 2022"]
[Source "ChessBase"]
[SourceDate "2021.10.06"]
[SourceVersion "1"]
[SourceVersionDate "2021.10.06"]
[SourceQuality "1"]

1. e4 e5 2. Nf3 Nc6 3. Nc3 Bb4 4. g3 d6 5. Bg2 Nf6 6. 0-0 Be6 7. Ng5 Nd4 8. Nxe6 Nxe6 9. d3 0-0 10. Be3 c6 11. Bh3 Re8 12. Bxe6 Rxe6 13. h3 Bxc3 14. bxc3 d5 15. exd5 Nxd5 16. Qd2 e4 17. dxe4 Rxe4 18. Qe1 Nxe3 19. fxe3 Qb6 20. Qe2 Rxe3 21. Qd1 Re2+ 22. Qd4 Qb5 23. Rad1 h6 24. Qd8+ Rxd8 25. Rxd8+ Kh7 26. Rfd1 Qb6+ 27. Kf1 Qf2# 0-1